000 00565nam a2200217Ia 4500
003 OSt
005 20220928141503.0
006 a|||||r|||| 00| 0
007 ta
008 220927b |||||||| |||| 00| 0 eng d
024 _a15474
037 _cTextual
040 _aSDCL
_cSDCL
_beng
041 _2eng
_aeng
082 _aWv461'N3<-L9, M3
100 _aHourani Albert
_9452984
245 0 _aArabic thought in the liberal age 1978-1939
260 _c1983
942 _hWv461'N3<-L9, M3
_cTEXL
_2CC
999 _c817881
_d817881